000
00213 a2200097 4500
001
38027
100
_a
Millman J
245
_a
Microelectronics
260
_a
Singapore
_b
McGraw-Hill
_c
1987
090
_c
24206
_d
24206
942
_a
NUST-CAE
_c
M
_c
15788
999
_c
273100
_d
273100